书目信息 |
| 题名: |
美国微型小说选
|
|
| 作者: | 琼斯 编 | |
| 分册: | ||
| 出版信息: | 北京 外文出版社 1989(1996重印) |
|
| 页数: | 136页 | |
| 开本: | 19cm | |
| 丛书名: | ||
| 单 册: | ||
| 中图分类: | I712.44 , H319.4 | |
| 科图分类: | ||
| 主题词: | 小小说--作品集--美国--近代--英文 , 英语 | |
| 电子资源: | ||
| ISBN: | 7-119-00881-1 | |
| 000 | 00620nam0 2200217 450 | |
| 001 | 1559470307 | |
| 005 | 20150128144008.04 | |
| 010 | @a7-119-00881-1@dCNY5.90 | |
| 100 | @a20000310d2000 km yychiy0120 eb | |
| 101 | 0 | @aeng |
| 105 | @a000yy | |
| 200 | 10 | @a美国微型小说选@9Mei Guo Wei Xing Xiao Shuo Xuan@f(英)琼斯(Jones,E.)编 |
| 210 | @a北京@c外文出版社@d1989(1996重印) | |
| 215 | @a136页@d19cm | |
| 606 | 0 | @a小小说@x作品集@y美国@z近代@x英文 |
| 606 | 0 | @a英语 |
| 690 | @aI712.44@v5 | |
| 690 | @aH319.4@v4 | |
| 701 | 1 | @a琼斯@9Qiong Si@bE.@dJones@e英@4编 |
| 801 | 0 | @aCN@bTSSF@c20150128 |
| 905 | @aZUCC@dH319.4@eJY512 | |
| 美国微型小说选/(英)琼斯(Jones,E.)编.-北京:外文出版社,1989(1996重印) |
| 136页;19cm |
| ISBN 7-119-00881-1:CNY5.90 |
| ● |
| 相关链接 |
|
|
|
|
正题名:美国微型小说选
索取号:H319.4/JY512
 
预约/预借
| 序号 | 登录号 | 条形码 | 馆藏地/架位号 | 状态 | 备注 |
| 1 | 7837309 | 278373092 | 学院路分馆/ [索取号:H319.4/JY512] | 在馆 | |
| 2 | 7837310 | 278373109 | 学院路分馆/ [索取号:H319.4/JY512] | 在馆 | |
| 3 | 7844182 | 278441820 | 学院路分馆/ [索取号:H319.4/JY512] | 在馆 |